| 000 | 00331 a2200121 4500 | ||
|---|---|---|---|
| 005 | 20250507150330.0 | ||
| 082 | _a658. 4 ALL | ||
| 100 | _aALLEN, L. A. | ||
| 245 | _aManagement and Organization | ||
| 260 |
_aNew York, _bMcGraw-Hill, _c1958. |
||
| 300 |
_axi, 353p.: ill.; figure, table. _bBibliography, index. _c22cm. |
||
| 942 |
_2ddc _cBKS |
||
| 999 |
_c2138 _d2138 |
||